Aleaciones tipográficas 'Norma'
Descripción Física:
[8] f. de làm. ; 17 cm
Otros Autores:
Refinerías e Industrias Metalúrgicas
MARC
| LEADER | 00000nam a2200000Ia 4500 | ||
|---|---|---|---|
| 001 | 15253 | ||
| 008 | 160829s9999 xx 000 0 cat d | ||
| 080 | |a FU-35-41 | ||
| 245 | |a Aleaciones tipográficas 'Norma' | ||
| 260 | |a Barcelona : |b Refinerías e Industrias Metalúrgicas, [s.a.] | ||
| 300 | |a [8] f. de làm. ; |c 17 cm | ||
| 650 | |a Aliatges tipogràfics |9 29071 | ||
| 650 | |a Metalls |x Aliatges |9 29072 | ||
| 700 | |a Refinerías e Industrias Metalúrgicas |9 29073 | ||
| 901 | |a Arxiu | ||
| 942 | |n 1 | ||
| 952 | |0 0 |1 0 |4 0 |6 FU3541 |7 1 |9 45035 |a Arxiu |b Arxiu |d 2016-12-01 |l 0 |o FU-35-41 |p 15253 |r 2016-12-01 00:00:00 |w 2016-12-01 |y ARXIU | ||
| 999 | |c 47655 |d 47655 | ||